Problemas y desarrollo de la docencia universitaria latinoamericana: resúmenes de comunicaciones
Gespeichert in:
| Körperschaft: | |
|---|---|
| Format: | Buch |
| Sprache: | Spanisch |
| Veröffentlicht: |
Santiago
Universidad Católica de Chile
1981
|
| Schlagworte: | |
| Tags: |
Tag hinzufügen
Keine Tags, Fügen Sie den ersten Tag hinzu!
|
MARC
| LEADER | 00000nam a2200000 a 4500 | ||
|---|---|---|---|
| 001 | UCX9267 | ||
| 003 | CL-VaPUC | ||
| 005 | 20210303001338.0 | ||
| 008 | 940530e19810000cl 1 spa d | ||
| 082 | 0 | 4 | |a 378.98 |b PON |2 21 |
| 110 | 2 | |a Pontificia Universidad Católica de Chile |e author |9 616972 | |
| 245 | 1 | 0 | |a Problemas y desarrollo de la docencia universitaria latinoamericana: resúmenes de comunicaciones |
| 260 | |a Santiago |b Universidad Católica de Chile |c 1981 | ||
| 300 | |a 147 p | ||
| 583 | |a last modification |c 20190821 09:15:17 |k Rodrigo Vera | ||
| 650 | 0 | 0 | |a Educación superior |9 223851 |
| 651 | 0 | |a América Latina |9 255027 | |
| 942 | |c BK | ||
| 945 | |a rbrito |d 19940530 00:00:00 | ||
| 546 | |a En Español | ||
| 536 | |a Universidad Católica de Chile | ||
| 518 | |p Encuentro Problemas y Desarrollo de la Docencia Universitaria Latinoamericana, 1, Santiago, 20 al 23 de enero de 1981 | ||
| 999 | |c 382220 |d 382218 | ||
| 952 | |0 0 |1 0 |4 0 |6 378_980000000000000_PON_1981 |7 0 |8 P |9 503794 |a BIBEDU |b BIBEDU |c BIBEDU_PB |d 2020-01-23 |i 2966549 |o 378.98 PON 1981 |p 2966549 |r 2020-01-23 |w 2020-01-23 |y BK |k EDU | ||